01908 a2200205 45000010006000000050017000060080041000230030015000640400040000790800035001192450036001542640043001903000017002335051329002501000024015797000030016037000023016337000023016567000023016792498220260407155533.0260407a1973 arg spa dAR-UNSa-BCEJYS aAR-UNSa-BCEJYSbspacAR-UNSa-BCEJYS a347.72xSociedades comerciales10aCuadernos de derecho societario 1aBuenos Aires :bEdiciones Macchic1973 a3 v.c23 cm. aVol. I: Aspectos jurídicos generales: 1. Ubicación de la sociedad comercial en el ámbito jurídico - 2. Constitución de las sociedades - 3. Personalidad de las sociedades - 4. Los socios - 5. Patrimonio y capital social - 6. Domicilio - denominación - objeto - 7. La organización - 8. Régimen de la documentación y contabilidad - 9. Participación en las utilidades y soportación de las pérdidas -- Vol. II. Parte I: Sociedades por partes de interés y por cuotas: 1. La sociedad colectiva - 2. La sociedad en comandita simple - 3. La sociedad de capital e industria - 4. La sociedad accidental o en participación - 5. La Sociedad de responsabilidad limitada -- Parte II: Sociedades por acciones y cooperativas: 1. Consideraciones generales sobre las sociedades por acciones - 2. Régimen de la intervención del estado - 3. La sociedad anónima. Caracterización y aspectos particulares. Régimen de constitución - 4. El capital social - 5. Acciones - 6. Bonos y deventures - 7. Gobierno - 8. El voto acumulativo para las elecciones en los órganos sociales - 9. Administración y representación - 10. Análisis e interpretación de las normas sobre documentación y estados contables de sociedades por acciones - 11. Fiscalización interna - 12. Sociedades en comandita por acciones1 aZaldívar, Enrique1 aRagazzi, Gillermo Enrique1 aRovira, Alfredo L.1 aSan Millan, Carlos1 aManovil, Rafael M.